00565nam a2200193 a 4500001001300000003000900013005001700022008004100039020002300080082001700103100002100120245007500141260004300216300000900259500003500268505002400303650002300327700002100350nice12345678IN_TiNIC20260116014022.0120809s2010 lona grp 000 0 eng  a9780415596329c49500a323.454bDAS aDasgupta, Sumona aCitizen Initiatives and Democratic Engagementb Experiences from India aLondon bRoutledge Chapman Hall c2010 a187p aincludes index and biblioraphy2 aBibliography, Index aCivil Rights-India1 aDasgupta, Sumona